000 00702nam a22002177a 4500
008 240706b mp ||||| |||| 00| 0 mon d
035 _a8783
040 _aBH0164090
_bmon
_cMN-UlNLM
_dMN-UlNLM
_erda
041 _amon
042 _a66750
084 _2NNA
_a84/2орос/
_bЧ-205
100 _aЧандар К.
245 0 _aМянган эрийн сэтгэл булаасан бүсгүй
264 _aУлаанбаатар
_bУлсын хэвлэлийн газар
_c1969
300 _a123х.
336 _2rdacontent
_atext
_btxt
337 _2rdamedia
_aunmediated
_bn
338 _2rdacarrier
_avolume
_bnc
650 _aРоман Гарчиг: 1-18 бүлэг
942 _2NNA
_cBK
999 _c1107678
_d1107735